Flags of Countries That Border Zambia - Statistics

General Stats
  • This quiz has been taken 1,461 times
  • The average score is 7 of 8
Answer Stats
Picture Answer % Correct
Tanzania
98%
Angola
95%
D.R.Congo
95%
Zimbabwe
93%
Botswana
91%
Malawi
91%
Mozambique
90%
Namibia
86%
No matching quizzes found
Score Distribution
Percent of People with Each Score
Percentile by Number Answered
Your Score History
You have not taken this quiz